| 000 | 00504nam a2200217Ia 4500 | ||
|---|---|---|---|
| 008 | 150901s9999 xx 000 0 und d | ||
| 020 | _a9789380179346 | ||
| 041 | _aEnglish | ||
| 082 | _a632.9 | ||
| 082 | _bDEE/CR | ||
| 100 | _aDeep D. | ||
| 100 | _eAuthor | ||
| 245 | _aCrop Protection and Environment | ||
| 260 | _aNew Delhi | ||
| 260 | _bOxford book company | ||
| 260 | _c2010 | ||
| 300 | _a304 Pages | ||
| 365 | _aRs.1250/- | ||
| 650 | _aCrop Protection | ||
| 942 | _cBK | ||
| 999 |
_c242464 _d242464 |
||